[Event "Aeroflot Open 2015"]
[Site "Moscow RUS"]
[Date "2015.03.27"]
[Round "1"]
[White "Esen, Baris"]
[Black "Korobov, Anton"]
[Result "0-1"]
[WhiteElo "2571"]
[BlackElo "2694"]
[PlyCount "72"]
[EventDate "2015.03.27"]

1. Nf3 Nf6 2. c4 e6 3. Nc3 d5 4. d4 Nbd7 5. cxd5 exd5 6. Bg5 c6 7. e3 Be7 8.
Qc2 O-O 9. Bd3 Re8 10. O-O Nf8 11. Rab1 a5 12. Rbe1 Be6 13. Ne5 N6d7 14. Bxe7
Rxe7 15. f4 f6 16. Nf3 Rc8 17. f5 Bf7 18. g4 c5 19. Qf2 Qc7 20. h4 Rce8 21. Kh1
cxd4 22. exd4 Qf4 23. Rxe7 Rxe7 24. Nh2 Qxf2 25. Rxf2 Nb8 26. Re2 Rxe2 27. Bxe2
Nc6 28. Nf3 g6 29. Bb5 Ne7 30. fxg6 Bxg6 31. h5 Bf7 32. Kg2 f5 33. gxf5 Nxf5
34. Bd3 Ne7 35. h6 Ne6 36. Nb5 Nf4+ 0-1

[Event "Czech League (Extraliga) 2014/15"]
[Site "Prague CZE"]
[Date "2015.02.07"]
[Round "7"]
[White "Kryvoruchko, Yuriy"]
[Black "Najer, Evgeniy"]
[Result "1-0"]
[WhiteElo "2706"]
[BlackElo "2634"]
[PlyCount "125"]
[EventDate "2014.11.01"]
[WhiteTeam "Rapid Pardubice"]
[BlackTeam "Vystaviste Lysa nad Labem"]

1. e4 e5 2. Nf3 Nc6 3. Bb5 Nf6 4. O-O Nxe4 5. d4 Nd6 6. Bxc6 dxc6 7. dxe5 Nf5
8. Qxd8+ Kxd8 9. h3 Bd7 10. Rd1 Kc8 11. g4 Ne7 12. Ng5 Be8 13. f4 h6 14. Ne4 b6
15. c4 h5 16. Kf2 Ng6 17. Nbc3 Be7 18. Kg3 f6 19. e6 f5 20. gxf5 Nh4 21. f6
Nf5+ 22. Kf3 gxf6 23. Be3 h4 24. Ne2 Kb7 25. Kf2 c5 26. N2c3 Bc6 27. Nd5 Rae8
28. Re1 Bf8 29. Bd2 Rxe6 30. Bc3 Rh6 31. Nexf6 Bxd5 32. Nxd5 c6 33. Ne3 Nd4 34.
Ng4 Rh5 35. Rxe6 Nxe6 36. Be5 b5 37. Ke3 Bg7 38. Rd1 Bxe5 39. Nxe5 Rf5 40. Rd7+
Kb6 41. Rf7 Rxf7 42. Nxf7 bxc4 43. Ne5 Kb5 44. f5 Nc7 45. Kd2 Ne8 46. Nd7 Nd6
47. f6 Kb4 48. Kc2 Nf7 49. a3+ Kb5 50. Nf8 Kb6 51. Ne6 Kb7 52. Kc3 Kc8 53. Kxc4
Ne5+ 54. Kxc5 Nd7+ 55. Kxc6 Nxf6 56. Ng5 Nh5 57. Kd5 Kd7 58. Ke5 Kc6 59. Nf3
Kb5 60. b3 a5 61. Nxh4 a4 62. b4 Kc4 63. Nf5 1-0

[Event "Czech League (Extraliga) 2014/15"]
[Site "Prague CZE"]
[Date "2015.02.07"]
[Round "7"]
[White "Wojtaszek, Radoslaw"]
[Black "Mista, Aleksander"]
[Result "1-0"]
[WhiteElo "2744"]
[BlackElo "2616"]
[PlyCount "137"]
[EventDate "2014.11.01"]
[WhiteTeam "1. SK Novoborsky"]
[BlackTeam "Slavoj Ostrava - Poruba"]

1. d4 Nf6 2. c4 e6 3. Nf3 d5 4. Nc3 c5 5. cxd5 Nxd5 6. e4 Nxc3 7. bxc3 cxd4 8.
cxd4 Bb4+ 9. Bd2 Bxd2+ 10. Qxd2 O-O 11. Bc4 Nd7 12. O-O b6 13. Rfe1 Bb7 14. a4
Rc8 15. Bd3 a5 16. Qe3 Qe7 17. Bb5 Rfd8 18. Rac1 Nf8 19. Ne5 Qd6 20. Nc4 Qxd4
21. Qxd4 Rxd4 22. f3 f5 23. exf5 Bd5 24. Nxb6 Rxc1 25. Rxc1 Bb3 26. Rc3 Rb4 27.
Rc8 Kf7 28. Rc7+ Kf6 29. fxe6 Nxe6 30. Ra7 Nd4 31. Nd7+ Kf5 32. Rxa5 Be6 33.
Nf8 Bd5 34. Bd3+ Ke5 35. Be4 Ne2+ 36. Kf2 Nc3 37. Bxd5 Rb2+ 38. Kg3 Nxd5 39.
Nxh7 Kd6 40. Ra6+ Kc5 41. Ng5 Ne3 42. Ne6+ Kc4 43. f4 Nxg2 44. Nxg7 Ne3 45. Kf3
Nc2 46. h4 Nd4+ 47. Kg3 Rb1 48. Ne6 Rg1+ 49. Kf2 Rg6 50. Nc7 Rg4 51. h5 Rxf4+
52. Kg3 Rf1 53. Kg4 Rg1+ 54. Kf4 Rf1+ 55. Kg5 Rg1+ 56. Kf6 Rf1+ 57. Kg6 Rg1+
58. Kf7 Rh1 59. Ra5 Ne2 60. Re5 Ng3 61. a5 Nxh5 62. a6 Rf1+ 63. Ke7 Nf4 64. Kd6
Rd1+ 65. Kc6 Ng6 66. Rc5+ Kb4 67. Rb5+ Kc4 68. a7 Ra1 69. Kb7 1-0

[Event "Czech League (Extraliga) 2014/15"]
[Site "Prague CZE"]
[Date "2015.02.07"]
[Round "7"]
[White "Bobras, Piotr"]
[Black "Navara, David"]
[Result "0-1"]
[WhiteElo "2530"]
[BlackElo "2727"]
[PlyCount "80"]
[EventDate "2014.11.01"]
[WhiteTeam "Slavoj Ostrava - Poruba"]
[BlackTeam "1. SK Novoborsky"]

1. e4 g6 2. d4 Bg7 3. Nc3 d6 4. f4 a6 5. Nf3 b5 6. Bd3 Nd7 7. Be3 Bb7 8. e5 c5
9. Be4 Bxe4 10. Nxe4 Nh6 11. Qe2 cxd4 12. Bxd4 Nf5 13. O-O-O Nxd4 14. Rxd4 O-O
15. Rhd1 Nb6 16. Kb1 Qc7 17. Nc3 dxe5 18. fxe5 e6 19. Rd6 Rac8 20. Ne4 Nc4 21.
Rd7 Qc6 22. Nf6+ Bxf6 23. exf6 e5 24. Ng5 Qxf6 25. Ne4 Qc6 26. g4 b4 27. g5 a5
28. Qf3 a4 29. Nf6+ Kg7 30. Ne8+ Kh8 31. Qf6+ Qxf6 32. Nxf6 Kg7 33. Rb7 Rfd8
34. Rdd7 Rxd7 35. Rxd7 e4 36. Kc1 e3 37. Re7 h6 38. h4 hxg5 39. hxg5 Rc5 40.
Ne4 Rd5 0-1

[Event "Czech League (Extraliga) 2014/15"]
[Site "Prague CZE"]
[Date "2015.02.08"]
[Round "8"]
[White "Socko, Bartosz"]
[Black "Kryvoruchko, Yuriy"]
[Result "1/2-1/2"]
[WhiteElo "2614"]
[BlackElo "2706"]
[PlyCount "79"]
[EventDate "2014.11.01"]
[WhiteTeam "AD Mahrla Praha"]
[BlackTeam "Rapid Pardubice"]

1. d4 Nf6 2. c4 e6 3. Nc3 Bb4 4. Qc2 O-O 5. a3 Bxc3+ 6. Qxc3 b6 7. Bg5 Bb7 8.
e3 d6 9. Ne2 Nbd7 10. Qd3 Ba6 11. Nc3 d5 12. Qc2 Bxc4 13. Bxc4 dxc4 14. Qa4 c5
15. Qxc4 cxd4 16. Qxd4 Qc7 17. O-O Rfc8 18. Rad1 h6 19. Bh4 Qc4 20. Qxc4 Rxc4
21. Bg3 a6 22. f3 b5 23. e4 Nc5 24. Rf2 b4 25. axb4 Rxb4 26. Rc2 Rb7 27. Rd6
Nfd7 28. Nd1 a5 29. Bf2 Nb3 30. Be3 a4 31. Kf2 Ra5 32. Ke2 g5 33. Nf2 Ne5 34.
g3 Kh7 35. Nd1 a3 36. bxa3 Rxa3 37. f4 gxf4 38. gxf4 Ng4 39. h3 Nxe3 40. Nxe3
1/2-1/2

[Event "Czech League (Extraliga) 2014/15"]
[Site "Prague CZE"]
[Date "2015.02.08"]
[Round "8"]
[White "Miton, Kamil"]
[Black "Wojtaszek, Radoslaw"]
[Result "1/2-1/2"]
[WhiteElo "2601"]
[BlackElo "2744"]
[PlyCount "35"]
[EventDate "2014.11.01"]
[WhiteTeam "Labortech Ostrava"]
[BlackTeam "1. SK Novoborsky"]

1. d4 Nf6 2. c4 e6 3. g3 c5 4. Nf3 cxd4 5. Nxd4 Qc7 6. Nc3 a6 7. Bg2 Qxc4 8.
O-O Nc6 9. Nb3 d5 10. Bf4 Be7 11. a3 a5 12. Rc1 Qa6 13. a4 O-O 14. Nb5 Qb6 15.
Bc7 Qa6 16. Bf4 Qb6 17. Bc7 Qa6 18. Bf4 1/2-1/2

[Event "Czech League (Extraliga) 2014/15"]
[Site "Prague CZE"]
[Date "2015.02.08"]
[Round "8"]
[White "Navara, David"]
[Black "Jakubiec, Artur"]
[Result "1/2-1/2"]
[WhiteElo "2727"]
[BlackElo "2528"]
[PlyCount "101"]
[EventDate "2014.11.01"]
[WhiteTeam "1. SK Novoborsky"]
[BlackTeam "Labortech Ostrava"]

1. d4 e6 2. e4 d5 3. Nd2 dxe4 4. Nxe4 Bd7 5. Nf3 Bc6 6. Bd3 Nd7 7. O-O Ngf6 8.
Ng3 g6 9. b3 Bg7 10. Ba3 Bf8 11. Bb2 Bg7 12. c4 O-O 13. Qe2 b6 14. Rad1 Qc8 15.
Ne5 Bb7 16. f4 Re8 17. h4 c5 18. h5 Qc7 19. hxg6 fxg6 20. d5 Rad8 21. d6 Qc8
22. Bb1 Qa8 23. Rd2 b5 24. cxb5 Nb6 25. Nc4 Nbd5 26. Be5 a6 27. a4 axb5 28.
axb5 Nb4 29. Bxf6 Bxf6 30. Ne4 Bg7 31. Nxc5 Bd5 32. d7 Re7 33. f5 gxf5 34. Bxf5
Kh8 35. Bxe6 Qb8 36. Nd6 Qxd6 37. Qe3 Qb6 38. Re1 Bxe6 39. Nxe6 Qxe3+ 40. Rxe3
Rdxd7 41. Nxg7 Kxg7 42. Re4 Rxd2 43. Rxe7+ Kg6 44. b6 Rd1+ 45. Kh2 Rd5 46. b7
Rb5 47. Rd7 Nc2 48. Rd6+ Kg7 49. Rd7+ Kg6 50. Rd6+ Kg7 51. Rd7+ 1/2-1/2

[Event "Aeroflot Open 2015"]
[Site "Moscow RUS"]
[Date "2015.03.28"]
[Round "2"]
[White "Khairullin, Ildar"]
[Black "Mamedyarov, Shakhriyar"]
[Result "1-0"]
[WhiteElo "2630"]
[BlackElo "2756"]
[PlyCount "61"]
[EventDate "2015.03.27"]

1. d4 Nf6 2. c4 g6 3. Nc3 d5 4. cxd5 Nxd5 5. e4 Nxc3 6. bxc3 Bg7 7. Nf3 O-O 8.
Be2 c5 9. O-O b6 10. Bg5 Bb7 11. Qd3 Qc7 12. Rad1 e6 13. d5 e5 14. Qe3 Nd7 15.
Be7 Rfe8 16. d6 Qc6 17. Bc4 b5 18. Bd5 Qc8 19. h4 Bf6 20. Bxf6 Nxf6 21. Bxb7
Qxb7 22. Rfe1 c4 23. Qg5 Re6 24. Nxe5 Nxe4 25. Qf4 f5 26. d7 Rd8 27. Re3 Re7
28. f3 Nf6 29. Rd6 Nd5 30. Qg5 Rdxd7 31. Nxd7 1-0

[Event "Aeroflot Open 2015"]
[Site "Moscow RUS"]
[Date "2015.03.28"]
[Round "2"]
[White "Dubov, Daniil"]
[Black "Rapport, Richard"]
[Result "1/2-1/2"]
[WhiteElo "2627"]
[BlackElo "2709"]
[PlyCount "49"]
[EventDate "2015.03.27"]

1. e4 d6 2. d4 Nf6 3. Nc3 e5 4. Nf3 exd4 5. Qxd4 Be7 6. Bg5 h6 7. Bf4 O-O 8.
Be2 a6 9. O-O Nc6 10. Qd3 Re8 11. Rad1 Nd7 12. Nd5 Bf6 13. b4 a5 14. a3 axb4
15. axb4 Nce5 16. Nxe5 Bxe5 17. Bxe5 dxe5 18. Qc3 c6 19. Ne3 Qc7 20. b5 Ra4 21.
bxc6 Qxc6 22. Qb2 Qxe4 23. c3 b6 24. Bb5 Ra7 25. Nc4 1/2-1/2

[Event "Aeroflot Open 2015"]
[Site "Moscow RUS"]
[Date "2015.03.28"]
[Round "2"]
[White "Salgado Lopez, Ivan"]
[Black "Inarkiev, Ernesto"]
[Result "1/2-1/2"]
[WhiteElo "2627"]
[BlackElo "2706"]
[PlyCount "37"]
[EventDate "2015.03.27"]

1. e4 e5 2. Nf3 Nc6 3. Bb5 a6 4. Ba4 Nf6 5. O-O Be7 6. Re1 b5 7. Bb3 d6 8. c3
O-O 9. h3 Re8 10. d4 Bb7 11. Nbd2 Bf8 12. a4 h6 13. d5 Ne7 14. Nh2 c6 15. dxc6
Nxc6 16. Ba2 Na5 17. Ng4 Nxg4 18. hxg4 d5 19. exd5 1/2-1/2

[Event "Aeroflot Open 2015"]
[Site "Moscow RUS"]
[Date "2015.03.28"]
[Round "2"]
[White "Korobov, Anton"]
[Black "Khalifman, Alexander"]
[Result "1/2-1/2"]
[WhiteElo "2694"]
[BlackElo "2613"]
[PlyCount "23"]
[EventDate "2015.03.27"]

1. d4 Nf6 2. Bg5 e6 3. e3 h6 4. Bh4 c5 5. Nf3 Be7 6. Nbd2 cxd4 7. exd4 b6 8. c3
Bb7 9. Bd3 O-O 10. Qe2 d6 11. O-O Nbd7 12. Rfe1 1/2-1/2

[Event "Aeroflot Open 2015"]
[Site "Moscow RUS"]
[Date "2015.03.28"]
[Round "2"]
[White "Nepomniachtchi, Ian"]
[Black "Grigoriants, Sergey"]
[Result "1-0"]
[WhiteElo "2714"]
[BlackElo "2573"]
[PlyCount "71"]
[EventDate "2015.03.27"]

1. e4 e5 2. Nf3 Nf6 3. d4 Nxe4 4. dxe5 d5 5. Nbd2 Nc5 6. Nb3 Nxb3 7. axb3 Be7
8. Bd3 c5 9. c3 Nc6 10. Ra4 Be6 11. O-O h6 12. Re1 Qd7 13. Bd2 Rd8 14. Qc2 a6
15. h3 Qc8 16. Rf4 b5 17. h4 g5 18. Rf6 g4 19. Nh2 Bxf6 20. exf6 Kd7 21. Bf5 h5
22. Bf4 Rde8 23. Rd1 d4 24. cxd4 Nxd4 25. b4 Qc6 26. bxc5 Qd5 27. Qe4 Qxe4 28.
Bxe4 Bd5 29. Rxd4 Rxe4 30. Rxd5+ Kc6 31. Rf5 Rhe8 32. g3 Rb4 33. Rxh5 Rxb2 34.
Nxg4 b4 35. Ne5+ Kb5 36. Nxf7 1-0

[Event "Aeroflot Open 2015"]
[Site "Moscow RUS"]
[Date "2015.03.28"]
[Round "2"]
[White "Vallejo Pons, Francisco"]
[Black "Bogdanovich, Stanislav"]
[Result "1/2-1/2"]
[WhiteElo "2708"]
[BlackElo "2581"]
[PlyCount "69"]
[EventDate "2015.03.27"]

1. d4 d5 2. c4 c6 3. Nc3 Nf6 4. e3 e6 5. Nf3 Nbd7 6. Bd3 dxc4 7. Bxc4 b5 8. Bd3
Bd6 9. O-O O-O 10. b3 Bb7 11. Bb2 a6 12. a4 Qe7 13. h3 e5 14. Ng5 Bb4 15. Qc2
g6 16. dxe5 Nxe5 17. Be2 Rad8 18. Rad1 bxa4 19. Nxa4 c5 20. Rxd8 Rxd8 21. Rd1
Rxd1+ 22. Qxd1 Nfd7 23. Nf3 Nxf3+ 24. Bxf3 Bxf3 25. Qxf3 Qd6 26. Qe4 Kf8 27.
Qc4 h5 28. g3 Ke7 29. Qh4+ f6 30. Qe4+ Qe6 31. Qd3 Qxh3 32. Qxg6 Qe6 33. Qh7+
Kd8 34. Qd3 h4 35. gxh4 1/2-1/2

[Event "Aeroflot Open 2015"]
[Site "Moscow RUS"]
[Date "2015.03.29"]
[Round "3"]
[White "Adhiban, Baskaran"]
[Black "Nepomniachtchi, Ian"]
[Result "1/2-1/2"]
[WhiteElo "2646"]
[BlackElo "2714"]
[PlyCount "109"]
[EventDate "2015.03.27"]

1. e4 e6 2. d4 d5 3. Nd2 c5 4. exd5 Qxd5 5. Ngf3 cxd4 6. Bc4 Qd7 7. O-O Nc6 8.
Nb3 Nf6 9. Qe2 a6 10. a4 Be7 11. Rd1 Qc7 12. Nbxd4 Bd7 13. Nxc6 Bxc6 14. Ne5
Bd5 15. Bxd5 Nxd5 16. c4 Nf6 17. Bf4 Qc8 18. g4 h6 19. h4 O-O 20. g5 hxg5 21.
hxg5 Nh7 22. Qh5 Bxg5 23. Bxg5 Nxg5 24. Rd7 Ne4 25. Ra3 Nf6 26. Qh4 Qxd7 27.
Nxd7 Nxd7 28. Rh3 f6 29. Qe4 Rfe8 30. Qxb7 Nc5 31. Qh1 Kf7 32. Rh7 f5 33. Qc6
Rac8 34. Qd6 Kg8 35. Qh2 Kf7 36. Qe5 Rg8 37. Rh3 Nd7 38. Qd4 Nc5 39. Qe5 Nd7
40. Qd4 Nc5 41. Rg3 a5 42. Kg2 g5 43. Rh3 Kg6 44. Qd6 f4 45. Qd1 g4 46. Rh4 f3+
47. Kg3 Ne4+ 48. Kf4 Nf6 49. Kg3 Kf5 50. Qd4 e5 51. Qd3+ Kg5 52. Qe3+ Kf5 53.
Qd3+ Kg5 54. Qe3+ Kf5 55. Qd3+ 1/2-1/2

[Event "Aeroflot Open 2015"]
[Site "Moscow RUS"]
[Date "2015.03.29"]
[Round "3"]
[White "Rapport, Richard"]
[Black "Salgado Lopez, Ivan"]
[Result "0-1"]
[WhiteElo "2709"]
[BlackElo "2627"]
[PlyCount "164"]
[EventDate "2015.03.27"]

1. Nf3 Nf6 2. c4 c5 3. Nc3 d5 4. cxd5 Nxd5 5. d4 Nxc3 6. bxc3 g6 7. Bf4 Bg7 8.
e3 Qa5 9. Qd2 Bf5 10. Bd3 Bxd3 11. Qxd3 cxd4 12. exd4 O-O 13. O-O Nc6 14. Rfb1
b6 15. a4 Qf5 16. Qe3 Na5 17. Rb5 Nc4 18. Qc1 Qd7 19. Bh6 Rac8 20. Bxg7 Kxg7
21. Qf4 Nd6 22. Rb3 Qe6 23. Rba3 Rc7 24. Re1 Qf6 25. Qxf6+ Kxf6 26. Nd2 Rfc8
27. Re3 e6 28. Kf1 h5 29. Ke2 Nf5 30. Rd3 Nd6 31. Kd1 g5 32. Kc2 Kg6 33. Ra1 f6
34. Kb3 Nb7 35. Kc2 Nd6 36. Kb3 Nb7 37. Kb2 Rd8 38. Kc2 Rcd7 39. Re3 e5 40. Nf3
exd4 41. Nxd4 Rc8 42. Nf3 Rc4 43. Kb3 Rg4 44. g3 Nc5+ 45. Kc2 Re4 46. a5 Rxe3
47. fxe3 Re7 48. axb6 axb6 49. Nd4 Rxe3 50. Kd2 Re7 51. Rb1 Rb7 52. Ke3 Nd7 53.
h4 Rc7 54. Kd2 Rc5 55. hxg5 fxg5 56. Rh1 Rd5 57. Ke3 Nf6 58. Rb1 Rd6 59. c4
Ng4+ 60. Ke4 Rf6 61. Rg1 Rf7 62. Rb1 Rf6 63. Rg1 Rf8 64. Nb5 Re8+ 65. Kd4 Rd8+
66. Ke4 Nf6+ 67. Ke3 Re8+ 68. Kd3 Re4 69. Nc3 Rg4 70. Ne2 Nd7 71. Rb1 Ne5+ 72.
Ke3 Nxc4+ 73. Kf2 h4 74. gxh4 Rxh4 75. Nc3 Rh2+ 76. Kg3 Rb2 77. Rc1 Rb3 78. Kh2
Ne5 79. Nd5 b5 80. Rc5 Nd3 81. Rc6+ Kf5 82. Rb6 Kg4 0-1

[Event "Aeroflot Open 2015"]
[Site "Moscow RUS"]
[Date "2015.03.29"]
[Round "3"]
[White "Inarkiev, Ernesto"]
[Black "Dubov, Daniil"]
[Result "1/2-1/2"]
[WhiteElo "2706"]
[BlackElo "2627"]
[PlyCount "33"]
[EventDate "2015.03.27"]

1. e4 c5 2. Nf3 e6 3. d4 cxd4 4. Nxd4 Nc6 5. Nc3 Qc7 6. Be3 a6 7. Qd2 Nf6 8.
O-O-O Bb4 9. f3 Ne7 10. Nde2 h6 11. a3 Ba5 12. b4 Bb6 13. Bxb6 Qxb6 14. Qd6
Qxd6 15. Rxd6 Nc6 16. Rd2 Ke7 17. Nd4 1/2-1/2

[Event "Aeroflot Open 2015"]
[Site "Moscow RUS"]
[Date "2015.03.29"]
[Round "3"]
[White "Vidit, Santosh Gujrathi"]
[Black "Korobov, Anton"]
[Result "1/2-1/2"]
[WhiteElo "2625"]
[BlackElo "2694"]
[PlyCount "151"]
[EventDate "2015.03.27"]

1. d4 Nf6 2. c4 e6 3. Nc3 Bb4 4. Qc2 d6 5. Nf3 Nbd7 6. g3 b6 7. Bg2 Bb7 8. O-O
Bxc3 9. Qxc3 a5 10. b3 O-O 11. Bb2 Qe7 12. Rad1 Rad8 13. Rfe1 Be4 14. Bh3 c5
15. dxc5 dxc5 16. Qe3 Ba8 17. Nh4 Rfe8 18. f3 Kf8 19. Qf4 Nb8 20. Bxf6 Qxf6 21.
Qc7 Nc6 22. Qxb6 Qe7 23. Qb5 Qa7 24. Qa4 Nd4 25. Rc1 h5 26. f4 f6 27. e3 Nc6
28. Bg2 Nb4 29. Re2 Rd6 30. Rf1 Red8 31. a3 Nd3 32. Bxa8 Qxa8 33. Ng6+ Kg8 34.
e4 Kh7 35. f5 Rd4 36. Nh4 Rxe4 37. Rxe4 Qxe4 38. Qxa5 Qe3+ 39. Kg2 Qe2+ 40. Kg1
Qe3+ 41. Kg2 Nf4+ 42. Rxf4 Rd2+ 43. Qxd2 Qxd2+ 44. Rf2 Qe3 45. fxe6 Qxe6 46.
Nf3 Qe4 47. b4 g5 48. Kg1 cxb4 49. axb4 Qxc4 50. h4 Kh6 51. Kh2 Qxb4 52. Kg2
Qe4 53. Kh2 Kg6 54. Kg1 Qe3 55. Kg2 Qc5 56. Rf1 Qd5 57. Kh2 Qa2+ 58. Kg1 Kf5
59. Nh2+ Ke6 60. Nf3 Qa5 61. Nd4+ Kd7 62. Nf3 Qd5 63. Rf2 Kc6 64. Kh2 Kb5 65.
Kg1 Kb4 66. Kh2 Kc3 67. Kg1 Qa5 68. Kf1 Qb5+ 69. Kg1 Qc5 70. Kf1 Qa5 71. Re2
Qf5 72. Kg2 Kd3 73. hxg5 fxg5 74. Re5 Qf6 75. Rxg5 Qb2+ 76. Kh3 1/2-1/2

[Event "Aeroflot Open 2015"]
[Site "Moscow RUS"]
[Date "2015.03.29"]
[Round "3"]
[White "Mamedyarov, Shakhriyar"]
[Black "Kovalevskaya, Ekaterina"]
[Result "1/2-1/2"]
[WhiteElo "2756"]
[BlackElo "2438"]
[PlyCount "140"]
[EventDate "2015.03.27"]

1. d4 d5 2. c4 e6 3. Nc3 Nf6 4. Bg5 Be7 5. e3 Nbd7 6. Qc2 h6 7. Bh4 c6 8. Nf3
O-O 9. a3 a6 10. Rc1 b6 11. Bd3 Bb7 12. cxd5 cxd5 13. O-O Rc8 14. Qe2 b5 15.
Nd2 Nb6 16. Nb3 Nfd7 17. Bg3 Nc4 18. e4 dxe4 19. Nxe4 Bd5 20. Nc3 Ba8 21. Rfd1
Qb6 22. d5 Bg5 23. dxe6 Qxe6 24. Qxe6 fxe6 25. Bxc4 bxc4 26. Rxd7 cxb3 27. Re1
Rfd8 28. Rxd8+ Bxd8 29. f3 Ba5 30. Be5 Bxc3 31. Bxc3 Bd5 32. Kf2 Kf7 33. h4 h5
34. g4 Rc4 35. Kg3 g6 36. Re3 Ke7 37. Bh8 Kf7 38. gxh5 gxh5 39. Re5 Rc1 40.
Rxh5 Rf1 41. f4 Rg1+ 42. Kf2 Rg2+ 43. Kf1 Rg4 44. Be5 Be4 45. Kf2 Rg8 46. Rh6
Bf5 47. Ke3 Rg2 48. h5 Kf8 49. Kf3 Rg1 50. Bd4 Rg4 51. a4 Kf7 52. a5 Kf8 53.
Bf6 Rg8 54. Be5 Rg1 55. Ke3 Rg2 56. Rf6+ Ke7 57. h6 Rh2 58. Kd4 Rxb2 59. Kc4
Rh2 60. Kxb3 Rh1 61. Kb4 Rb1+ 62. Kc4 Rc1+ 63. Kd4 Rd1+ 64. Kc5 Rd5+ 65. Kb6
Rb5+ 66. Ka7 Bh7 67. Bc3 Rxa5 68. f5 Rxf5 69. Rxf5 exf5 70. Kxa6 f4 1/2-1/2

[Event "Aeroflot Open 2015"]
[Site "Moscow RUS"]
[Date "2015.03.29"]
[Round "3"]
[White "Esen, Baris"]
[Black "Vallejo Pons, Francisco"]
[Result "0-1"]
[WhiteElo "2571"]
[BlackElo "2708"]
[PlyCount "82"]
[EventDate "2015.03.27"]

1. Nf3 d5 2. d4 Nf6 3. c4 c6 4. Nc3 dxc4 5. a4 Bf5 6. Ne5 e6 7. f3 Bb4 8. e4
Bxe4 9. fxe4 Nxe4 10. Bd2 Qxd4 11. Nxe4 Qxe4+ 12. Qe2 Bxd2+ 13. Kxd2 Qd5+ 14.
Kc2 Na6 15. Nxc4 O-O 16. Qe5 f6 17. Qxd5 cxd5 18. Na5 Rac8+ 19. Kb3 Nc5+ 20.
Ka3 Rc7 21. Bb5 Ne4 22. Rhe1 f5 23. Nb3 Kf7 24. Nd4 g6 25. Bd3 a6 26. a5 e5 27.
Nb3 Rfc8 28. Re2 Kf6 29. Bxe4 fxe4 30. Rd1 Ke6 31. Rdd2 Rc4 32. Na1 Kd6 33. b4
Rc3+ 34. Nb3 e3 35. Rd1 d4 36. Ka4 Rc2 37. Nxd4 exd4 38. Rxe3 Kd5 39. Red3 R8c4
40. Rg3 Rb2 41. Rg5+ Kd6 0-1

[Event "Aeroflot Open 2015"]
[Site "Moscow RUS"]
[Date "2015.03.30"]
[Round "4"]
[White "Nepomniachtchi, Ian"]
[Black "Vidit, Santosh Gujrathi"]
[Result "1-0"]
[WhiteElo "2714"]
[BlackElo "2625"]
[PlyCount "133"]
[EventDate "2015.03.27"]

1. c4 c5 2. Nf3 Nc6 3. Nc3 g6 4. e3 Nf6 5. d4 cxd4 6. exd4 d5 7. cxd5 Nxd5 8.
Qb3 Nxc3 9. Bc4 Nd5 10. Bxd5 e6 11. Bxc6+ bxc6 12. O-O Qd5 13. Be3 f6 14. Rfc1
Bd6 15. Nd2 Kf7 16. Qc2 Bd7 17. Ne4 Rhb8 18. f3 Be7 19. Qf2 Kg7 20. b3 Be8 21.
Qg3 a5 22. Nc5 Rd8 23. Rc4 Ra7 24. Rac1 Kg8 25. Ra4 Rda8 26. Qe1 g5 27. Bf2 Bf7
28. Rac4 Kh8 29. h3 Rb8 30. Ne4 Ra6 31. Nc5 Ra7 32. R1c2 h6 33. Ne4 Ra6 34. Nc5
Ra7 35. Kh1 Rba8 36. Bg1 Bg8 37. Re2 Bf7 38. Qc1 Rc8 39. Rc3 Bf8 40. Rc4 Be7
41. Qc3 Kg7 42. Qe3 Kg8 43. Re1 Re8 44. Qe2 Raa8 45. Rec1 Rec8 46. Ne4 Kg7 47.
Ra4 Rcb8 48. Rac4 Rc8 49. Bf2 Ba3 50. R1c2 Be7 51. Nc5 Kg8 52. Be1 Ra7 53. Ra4
Rca8 54. Qe3 Bd6 55. Ne4 Be7 56. Rc5 Qd8 57. Rxc6 Be8 58. Rxe6 Bf7 59. Ng3 Bxe6
60. Qxe6+ Kh8 61. Nf5 Bf8 62. d5 Qe8 63. Qxf6+ Kh7 64. Bc3 Qf7 65. Qh8+ Kg6 66.
Nh4+ Kh5 67. Qe5 1-0

[Event "Aeroflot Open 2015"]
[Site "Moscow RUS"]
[Date "2015.03.30"]
[Round "4"]
[White "Vallejo Pons, Francisco"]
[Black "Sethuraman, S.P."]
[Result "1/2-1/2"]
[WhiteElo "2708"]
[BlackElo "2623"]
[PlyCount "70"]
[EventDate "2015.03.27"]

1. e4 c5 2. Nf3 d6 3. d4 cxd4 4. Nxd4 Nf6 5. Nc3 a6 6. h3 e6 7. g4 d5 8. Nde2
Nxe4 9. Nxe4 dxe4 10. Qxd8+ Kxd8 11. Be3 b5 12. O-O-O+ Nd7 13. Nc3 Bb7 14. Bg2
f5 15. gxf5 exf5 16. Nd5 Rc8 17. f3 Bc5 18. Bg5+ Ke8 19. fxe4 h6 20. Bd2 Nb6
21. Nf4 Nc4 22. exf5 Bxg2 23. Nxg2 Kf7 24. Bc3 Rhd8 25. b3 Nd6 26. Ba5 Re8 27.
b4 Nc4 28. bxc5 Nxa5 29. Rd7+ Re7 30. Rxe7+ Kxe7 31. Re1+ Kf6 32. Re6+ Kxf5 33.
Rxa6 Nc4 34. Nh4+ Ke4 35. Rg6 Rxc5 1/2-1/2

[Event "Aeroflot Open 2015"]
[Site "Moscow RUS"]
[Date "2015.03.30"]
[Round "4"]
[White "Bukavshin, Ivan"]
[Black "Inarkiev, Ernesto"]
[Result "1-0"]
[WhiteElo "2618"]
[BlackElo "2706"]
[PlyCount "83"]
[EventDate "2015.03.27"]

1. d4 Nf6 2. c4 g6 3. Nc3 d5 4. cxd5 Nxd5 5. e4 Nxc3 6. bxc3 Bg7 7. Nf3 c5 8.
Be3 Nc6 9. Rc1 cxd4 10. cxd4 e6 11. Bc4 O-O 12. O-O Na5 13. Bd3 b6 14. h4 Bb7
15. h5 f5 16. e5 gxh5 17. Ng5 Qd5 18. Be4 Qd7 19. Bxb7 Nxb7 20. Qxh5 Bh8 21. f4
Rae8 22. Rf3 Re7 23. Rg3 Rg7 24. Bf2 Qe8 25. Qh3 Nd8 26. Nxh7 Rxg3 27. Bxg3 Rf7
28. Ng5 Rd7 29. Rc8 Bg7 30. Bf2 Qg6 31. Qb3 Bf8 32. Qa4 Qg7 33. Rc3 Rc7 34. Rg3
Rc1+ 35. Kh2 Qh6+ 36. Rh3 Qg7 37. Qe8 Qe7 38. Qh5 Bg7 39. Qg6 Kf8 40. Nh7+ Kg8
41. Nf6+ Kf8 42. Rh8+ 1-0

[Event "Aeroflot Open 2015"]
[Site "Moscow RUS"]
[Date "2015.03.30"]
[Round "4"]
[White "Korobov, Anton"]
[Black "Ponkratov, Pavel"]
[Result "1-0"]
[WhiteElo "2694"]
[BlackElo "2613"]
[PlyCount "53"]
[EventDate "2015.03.27"]

1. d4 Nf6 2. c4 e6 3. Nf3 c5 4. d5 b5 5. dxe6 fxe6 6. cxb5 d5 7. g3 a6 8. bxa6
Nc6 9. Bh3 Rxa6 10. O-O e5 11. Bxc8 Qxc8 12. Bg5 e4 13. Bxf6 exf3 14. Bc3 d4
15. Bd2 Bd6 16. exf3 O-O 17. Qb3+ Kh8 18. f4 g5 19. Qd5 Ne7 20. Qxg5 Nf5 21.
Re1 c4 22. Nc3 h6 23. Qh5 dxc3 24. Bxc3+ Kh7 25. Rad1 Ra7 26. Re4 Re7 27. Rxd6
1-0

[Event "Aeroflot Open 2015"]
[Site "Moscow RUS"]
[Date "2015.03.30"]
[Round "4"]
[White "Bluebaum, Matthias"]
[Black "Mamedyarov, Shakhriyar"]
[Result "0-1"]
[WhiteElo "2576"]
[BlackElo "2756"]
[PlyCount "68"]
[EventDate "2015.03.27"]

1. d4 d5 2. c4 c6 3. Nc3 Nf6 4. e3 e6 5. Nf3 Nbd7 6. Bd3 dxc4 7. Bxc4 b5 8. Bd3
Bb7 9. O-O a6 10. e4 c5 11. d5 c4 12. Bc2 Qc7 13. dxe6 fxe6 14. Ne2 Bd6 15.
Ned4 Nc5 16. b4 Ncxe4 17. Nxe6 Qd7 18. Nfd4 Bxb4 19. Bf4 Bc3 20. Nf5 Qxd1 21.
Raxd1 Kf7 22. Ng5+ Kg8 23. Ne6 Kf7 24. Ng5+ Nxg5 25. Nd6+ Kf8 26. Nxb7 Ne6 27.
Be3 Ke7 28. Bf5 g6 29. Bh3 Rhb8 30. Rd6 Nc7 31. Bc5 Kf7 32. Rb6 Kg7 33. Rc1
Ncd5 34. Rxc3 Nxc3 0-1

[Event "Aeroflot Open 2015"]
[Site "Moscow RUS"]
[Date "2015.03.30"]
[Round "4"]
[White "Rapport, Richard"]
[Black "Bogdanovich, Stanislav"]
[Result "1-0"]
[WhiteElo "2709"]
[BlackElo "2581"]
[PlyCount "95"]
[EventDate "2015.03.27"]

1. g3 e5 2. Nf3 Nc6 3. d4 exd4 4. Nxd4 Nxd4 5. Qxd4 Qf6 6. Qe3+ Qe6 7. Bg2 Nf6
8. c4 Bb4+ 9. Nc3 O-O 10. Qd3 d6 11. Bd2 Re8 12. Nd5 Nxd5 13. cxd5 Qg4 14. h3
Bxd2+ 15. Qxd2 Qc4 16. e3 Bf5 17. b3 Qb5 18. Rc1 a5 19. Rc4 a4 20. Rb4 Qd7 21.
g4 axb3 22. axb3 Bg6 23. O-O c5 24. dxc6 bxc6 25. f4 f5 26. Rc1 d5 27. gxf5
Bxf5 28. Rxc6 Kh8 29. Qxd5 Qxd5 30. Bxd5 Rxe3 31. Rcb6 Rae8 32. Rb8 h6 33.
Rxe8+ Rxe8 34. h4 Kh7 35. Kf2 Rd8 36. Rb5 Kg6 37. b4 Bd3 38. Rc5 Rb8 39. Ke3
Bf1 40. h5+ Kf6 41. Rc7 Rf8 42. Rb7 g5 43. hxg6 Kxg6 44. b5 Kf5 45. Be4+ Ke6
46. b6 Kd6 47. Rh7 Re8 48. Kd4 1-0